Statistics for Name a Major American City A-Z

Click here to take the quiz!

General Stats

  • This quiz has been taken 106 times
    (87 since last reset)
  • The average score is 17 of 22

Answer Stats

City% Correct
CChicago | Caracas | Curitiba | Campinas | Cleveland | Cali | Cincinnati | Charlotte | Columbus | Córdoba |
Calgary | Cochabamba | Cartagena | Cape Coral | Cuernavaca
96%
BBuenos Aires | Bogotá | Boston | Belo Horizonte | Brasília | Belém | Barranquilla | Buffalo |
Barquisimeto | Bucaramanga
94%
DDallas | Detroit | Denver
91%
SSão Paulo | San Francisco | Santiago | Seattle | Santo Domingo | Salvador | San Diego | Salt Lake City |
Saint Louis | San Jose | San Antonio | Santa Cruz | Sacramento | San Juan | San Salvador | Santos |
São Luís | Stockton | San Luis Potosí | San Pedro Sula | San Miguel de Tucumán
91%
MMexico City | Miami | Monterrey | Montréal | Medellín | Minneapolis | Maracaibo | Manaus | Montevideo |
Milwaukee | Maracay | Managua | McAllen | Melbourne | Memphis | Mérida | Maceió |
Mendoza | Mexicali | Morelia
91%
LLos Angeles | Lima | Las Vegas | La Paz | León | Louisville
90%
PPhiladelphia | Phoenix | Porto Alegre | Puebla | Port-au-Prince | Portland | Pittsburgh | Panama City
89%
AAtlanta | Asunción | Austin | Arequipa
89%
HHouston | Havana | Hartford | Harrisburg | Honolulu
87%
NNew York City | Nashville | Natal | New Orleans
86%
OOrlando | Ottawa | Oklahoma City
77%
RRio de Janeiro | Recife | Raleigh | Rosario | Richmond
77%
TToronto | Tampa | Toluca | Tijuana | Torreón | Tegucigalpa | Teresina | Tucson
77%
WWashington D.C.
73%
VVancouver | Valencia | Vitória | Virginia Beach | Valparaíso
69%
IIndianapolis
67%
JJacksonville | João Pessoa
66%
EEdmonton | El Paso
64%
GGuadalajara | Guatemala City | Guayaquil | Goiânia | Greensboro
61%
KKansas City
54%
QQuito | Querétaro
54%
FFortaleza | Florianópolis
39%

Score Distribution

Percentile by Number Answered

Percent of People with Each Score

Your Score History

You have not taken this quiz since the last reset